000 00509nam a22001817a 4500
999 _c188452
_d188452
005 20220523163819.0
010 _aENG-1327888
020 _a97893885133084
_c275.00
035 _aEN-116320
037 _bDBAD/PUB
082 _a886
245 _amind your head/
260 _aMumbai
_bKetaki Prakashan
_c2019
270 _aAjay Deep House, 22-Second Floor,240-Perin Nariman Street
_bMumbai
_e411001
300 _a57p
_c19cm(pbk)
700 _aNarang, Naina
942 _2ddc
_cEN
_h886
_mMIN